000 01951nam a2200361 a 4500
999 _c136687
_d136687
003 BLK
005 20240212163013.0
008 180409b bul|||||r ||||||| ||bul||
010 _aKNG00142633000
040 _aBLK
041 _aBUL
_cBUL
080 _aБългария през Втората световна война (1939-1944)
_b94(497.2)"1939/1944"
_z94(497.2)"1939/1944"
139 _aБорбата на българския народ за защита и спасяване на евреите в България през Втората световна война
_bБ 64
245 1 0 _aБорбата на българския народ за защита и спасяване на евреите в България през Втората световна война
_bДок. и материали
_cсъстав. Давид Коен и др. ; Ред. колегия Воин Божинов - отг. ред. и др
257 _aBGR
260 _aСофия
_bБАН
_c1978
300 _a351 с.
_c25 см
380 _a9
500 _aДруги състав. : Т. Добриянов, Р. Манафова ; Други ред. : Й. Астурков, Т. Добриянов, Д. Коен, Ст. Рачев, Р. Манафова. - Изд. на БАН. Инст. за история. - 3 000 тир. - Именен, геогр. показалци.
650 4 _aЕвреи - България
_9263359
653 _aевреи
653 _aборба
653 _aзащита
700 1 _aКоен, Давид
_eсъстав.
_9325476
700 1 _aБожинов, Воин
_eред.
_9315994
852 _aЦб 96770
_bЦб
856 4 _qpdf
_i0.00
_ldisable
856 4 _qpdf
_i0.00
_ldisable
942 _cKNG
_n0
_02
_s1
944 _aCR
_c10.05.2013
_lМартин Енчев
_k30575
944 _aED
_c10.05.2013
_l10.05.2013 - от С1,Р / 10.05.2013
999 _d136687